Periodic Table of Elements Map Quiz - Statistics

General Stats
  • This quiz has been taken 998 times
  • The average score is 32 of 118
Answers on the Map
Answers color-coded by a green-red scale on the quiz's map according to % correct below.
 
Answer Stats
Answer % Correct
Helium
70%
Hydrogen
68%
Boron
60%
Lithium
60%
Beryllium
59%
Carbon
59%
Oxygen
58%
Fluorine
54%
Neon
54%
Nitrogen
54%
Aluminium
53%
Argon
51%
Magnesium
49%
Sodium
49%
Chlorine
47%
Silicon
46%
Phosphorus
45%
Sulfur
43%
Calcium
42%
Potassium
41%
Bromine
37%
Krypton
37%
Copper
36%
Iron
35%
Scandium
35%
Titanium
35%
Cobalt
34%
Gallium
34%
Vanadium
34%
Zinc
34%
Arsenic
33%
Chromium
33%
Germanium
33%
Nickel
33%
Manganese
32%
Xenon
32%
Barium
31%
Selenium
31%
Strontium
31%
Cesium
30%
Iodine
30%
Rubidium
30%
Francium
27%
Radon
27%
Yttrium
27%
Actinium
26%
Oganesson
26%
Gold
25%
Silver
25%
Zirconium
25%
Antimony
24%
Astatine
24%
Lanthanum
24%
Molybdenum
24%
Technetium
24%
Tin
24%
Mercury
23%
Niobium
23%
Radium
23%
Bismuth
22%
Hafnium
22%
Lead
22%
Tennessine
22%
Tungsten
22%
Uranium
22%
Cadmium
21%
Platinum
21%
Ruthenium
21%
Tellurium
21%
Indium
20%
Osmium
20%
Palladium
20%
Plutonium
20%
Rhodium
20%
Tantalum
20%
Americium
19%
Cerium
19%
Neptunium
19%
Polonium
19%
Neodymium
18%
Rhenium
18%
Thallium
18%
Thorium
18%
Einsteinium
17%
Europium
17%
Gadolinium
17%
Iridium
17%
Lawrencium
17%
Lutetium
17%
Praseodymium
17%
Protactinium
17%
Livermorium
16%
Mendelevium
16%
Nobelium
16%
Promethium
16%
Rutherfordium
16%
Samarium
16%
Berkelium
15%
Californium
15%
Curium
15%
Moscovium
15%
Nihonium
15%
Ytterbium
15%
Copernicium
14%
Dubnium
14%
Dysprosium
14%
Erbium
14%
Fermium
14%
Flerovium
14%
Seaborgium
14%
Bohrium
13%
Hassium
13%
Roentgenium
13%
Terbium
13%
Thulium
13%
Darmstadtium
12%
Holmium
12%
Meitnerium
11%
No matching quizzes found
Score Distribution
Percent of People with Each Score
Percentile by Number Answered
Your Score History
You have not taken this quiz